[Event "Schleswig Holstein-ch Basis 56th"]
[Site "Eckernfoerde"]
[Date "2001.04.??"]
[Round "4"]
[White "Parchmann, Heinrich"]
[Black "Janus, Hannelore"]
[Result "0-1"]
[WhiteElo "1339"]
[BlackElo "1413"]
[PlyCount "36"]
[EventDate "2001.04.??"]
[EventType "swiss"]
[EventRounds "9"]
[EventCountry "GER"]
[SourceTitle "EXT 2004"]
[Source "ChessBase"]
[SourceDate "2003.11.25"]
[SourceVersion "1"]
[SourceVersionDate "2003.11.25"]
[SourceQuality "1"]

1. Nf3 e6 2. e4 d5 3. exd5 exd5 4. d4 Bg4 5. h3 Bh5 6. Be2 Be7 7. 0-0 Nf6 8. Nc3 c6 9. Re1 0-0 10. Bg5 Nbd7 11. Bd3 Re8 12. Be2 Ne4 13. Bxe7 Rxe7 14. Nxe4 Rxe4 15. Ng5 Bxe2 16. Rxe2 Rxe2 17. h4 Qe7 18. Qd3 Nf6 0-1